| 000 | 00548nam a2200193 a 4500 | ||
|---|---|---|---|
| 005 | 20210223124217.0 | ||
| 008 | 010622m19921997es r 000 0 spa d | ||
| 020 | _a8477381577 | ||
| 035 | _aUPN01000108855 | ||
| 049 | _aCG | ||
| 050 | 4 |
_aZ40 _bB6.2 |
|
| 100 | 1 | _aBousa Alvarez, Fernando | |
| 245 | 1 | 0 |
_aDel escribano a la biblioteca / _cFernando Bousa Alvarez. |
| 260 |
_aMadrid : _bSÃntesis, _c1992 (1997 impr.). |
||
| 300 | _a160 p. | ||
| 440 | 0 |
_aHistoria universal moderna ; _v5 |
|
| 650 | 4 |
_aESCRITURA - _xHISTORIA _920466 |
|
| 905 | _aLibro | ||
| 999 |
_c82766 _d82766 |
||